000 00986nam a22003137a 4500
003 CHAP
005 20220329143522.0
008 100325s1955 mx a r 00010 spa d
010 _a97893
011 _a98865
035 _a109550
040 _cCHAP
082 1 4 _a516
_bL23
100 1 _aLandaverde, Felipe de Jesús.
_964672
245 1 0 _aCurso de geometría :
_bpara secundaria y preparatoria
_c/por Felipe de Jesús Landaverde
260 _aMéxico, D. F. :
_bProgreso,
_c1955
300 _a390 p. :
_bilus.
590 _aBATCH-UPD
_b10
_c20130110
_lUCH01
_h1818
590 _aBATCH-UPD
_b10
_c20130410
_lUCH01
_h1152
590 _aBATCH-UPD
_b10
_c20130914
_lUCH01
_h1110
590 _aCONVERSION
_b10
_c20130109
_lUCH01
_h1354
650 1 4 _aCuadrados.
_929917
650 1 4 _aCurvas en ingeniería.
_930737
650 1 4 _aGeometría.
_947652
901 _aBK
911 _aen proceso
942 _cLIBRO
949 _a516 L23
_bBC
_cLIBRO
_d33724002163900
_eLIBRO
_gI.c/e
_h112134
_i109550
_si
999 _c97893
_d97893